000 00392pab a2200157 454500
008 180718b2014 xxu||||| |||| 00| 0 eng d
100 _aBagehi, Amiya Kumar
245 _aContextual political economy, not Whig economics
260 _c2014
300 _ap.545-562.
362 _aMay
650 _aEconomics
773 _aCambridge Journal of Economics
908 _aN
909 _a104846
999 _c104841
_d104841